000 00879cam a2200253 c 4500
001 a5048984
003 CO-ViMGA
005 20230915223801.0
008 110519s2009 sp a | |||| 000 1 spa
020 _a9788498855814
040 _aCO-ViMGA
_bspa
_cCO-ViMGA
041 1 _heng
082 0 4 _a741.5
_bB26c2
245 0 0 _aCivil war /
_cBendis [guión] ; Chaykin ... [et al., dibujo ; Gonzalo Quesada, traducción]
260 _aTorroella de Montgrí, Girona
_bPanini España ;
_aBarcelona
_bdistribución, Sd Distribucin̤
_cD.L. 2009.
300 _a[142] p.
_bprincipalmente il. col.
_c27 cm.
490 0 _aLos nuevos Vengadores
490 0 _aMarvel deluxe
650 1 4 _a Tiras comicas, historietas, etc.
_92479
650 1 4 _aComics
_9284
700 1 _aBendis, Brian Michael
_d1967-
_98883
700 1 _aChaykin, Howard V.
_d1950-
_edibujante
_99208
942 _2ddc
_cBK
999 _c10393
_d10393